| 000 | 02395cam a22006015a 4500 | ||
|---|---|---|---|
| 001 | 3360 | ||
| 003 | FISKH | ||
| 005 | 20240229110532.0 | ||
| 008 | 221220t20132012enk j 000 f eng d | ||
| 010 | _a 2022417441 | ||
| 020 |
_a9780340999226 _q(pbk.) |
||
| 040 |
_aUKMGB _beng _cUKMGB _dOCLCO _dVHP _dFOLLT _dOCLCO _dGZD _dMR0 _dCNSOA _dCKE _dOCLCO _dYDXCP _dOCLCQ _dAUHCL _dOCLCO _dDCB _dOCLCO _dOCLCQ _dLKC _dK#T _dOCLCQ _dOCLCO _dOCLCF _dOCLCQ _dOCLCO _dZQP _dOCLCO _dDLC |
||
| 042 | _alccopycat | ||
| 043 | _ae-uk--- | ||
| 082 | 0 | 4 |
_a823/.92 _223 |
| 082 | 0 | 4 |
_a[Fic] _223 |
| 100 | 1 | _aMuchamore, Robert. | |
| 245 | 1 | 0 |
_aGuardian angel / _cRobert Muchamore. |
| 250 | _aThis edition 2013 | ||
| 260 |
_aLondon : _bHodder Children's Book, _c2012 |
||
| 300 |
_a322 pages ; _c20 cm |
||
| 336 |
_atext _btxt _2rdacontent |
||
| 337 |
_aunmediated _bn _2rdamedia |
||
| 338 |
_avolume _bnc _2rdacarrier |
||
| 490 | 1 |
_aCHERUB. Series 2 ; _vBook 2 |
|
| 500 | _aOriginally published in Great Britain in 2012. | ||
| 520 | _aWhile undercover, Ryan, an agent for a secret organization of child spies who has saved Ethan's life multiple times, wonders if he can destroy Ethan's family-run criminal empire without hurting Ethan. | ||
| 610 | 1 | 0 |
_aGreat Britain. _bMI5 _vJuvenile fiction. |
| 610 | 1 | 7 |
_aGreat Britain. _bMI5. _2fast _0(OCoLC)fst00566888 |
| 650 | 0 |
_aCHERUB (Imaginary organization) _vJuvenile fiction |
|
| 650 | 0 |
_aTeenagers _zGreat Britain _vJuvenile fiction. |
|
| 650 | 0 |
_aIntelligence service _zGreat Britain _vJuvenile fiction. |
|
| 650 | 0 |
_aTeenagers _vJuvenile fiction. |
|
| 650 | 0 | _aSpy stories. | |
| 650 | 1 |
_aCHERUB (Imaginary organization) _vFiction |
|
| 650 | 1 |
_aTeenagers _vFiction |
|
| 650 | 1 |
_aSpies _vFiction |
|
| 650 | 7 |
_aIntelligence service. _2fast _0(OCoLC)fst00975848 |
|
| 650 | 7 |
_aSpy stories. _2fast _0(OCoLC)fst01131035 |
|
| 650 | 7 |
_aTeenagers. _2fast _0(OCoLC)fst01145551 |
|
| 651 | 7 |
_aGreat Britain. _2fast _0(OCoLC)fst01204623 |
|
| 655 | 0 | _aYoung adult fiction. | |
| 655 | 4 | _aSeries | |
| 655 | 7 |
_aFiction. _2fast _0(OCoLC)fst01423787 |
|
| 655 | 7 |
_aJuvenile works. _2fast _0(OCoLC)fst01411637 |
|
| 655 | 7 |
_aSpy fiction. _2fast _0(OCoLC)fst01726748 |
|
| 655 | 7 |
_aYoung adult works. _2fast _0(OCoLC)fst01726790 |
|
| 655 | 7 |
_aSpy stories. _2gsafd |
|
| 655 | 7 |
_aSpy fiction. _2lcgft |
|
| 906 |
_a0 _bibc _ccopycat _d2 _encip _f20 _gy-gencatlg |
||
| 942 |
_2ddc _cBK _n0 |
||
| 999 |
_c3360 _d3360 |
||